Cuidado con los cuentos de lobos / (Record no. 126354)

MARC details
000 -CABECERA
campo de control de longitud fija 00672nam a2200205 a 4500
005 - FECHA Y HORA DE LA ÚLTIMA TRANSACCIÓN
campo de control 20240924071224.0
008 - ELEMENTOS DE LONGITUD FIJA--INFORMACIÓN GENERAL
campo de control de longitud fija 080218s20002004mx r 000 0 spa d
020 ## - NÚMERO INTERNACIONAL NORMALIZADO PARA LIBROS
Número Internacional Estándar del Libro 8495040808
035 ## - NÚMERO DE CONTROL DEL SISTEMA
Número de control de sistema UPN01000154237
049 ## - COLECCIÓN
Colección I
050 #4 - SIGNATURA TOPOGRÁFICA DE LA BIBLIOTECA DEL CONGRESO
Número de clasificación PZ76.3
Número de documento/Ítem CH5.3
100 1# - ASIENTO PRINCIPAL--NOMBRE PERSONAL
Nombre de persona Child, Lauren,
Fechas asociadas al nombre 1967-
9 (RLIN) 33864
245 10 - MENCIÓN DE TÍTULO
Título Cuidado con los cuentos de lobos /
Mención de responsabilidad, etc. Lauren Child ; tr. Esther Rubio.
260 ## - PUBLICACIÓN, DISTRIBUCIÓN, ETC.
Lugar de publicación, distribución, etc. Barcelona, Esp. :
Nombre del editor, distribuidor, etc. Serres,
Fecha de publicación, distribución, etc. 2000 (2004 impr.).
300 ## - DESCRIPCIÓN FÍSICA
Extensión [31] p. :
Otras características físicas principalmente il. col.
534 ## - NOTA SOBRE LA VERSIÓN ORIGINAL
Frase introductoria Traducción de:
Mención de título del original Beware of the Staarybook Wolves
650 #4 - ASIENTO SECUNDARIO DE MATERIA - TERMINO TEMATICO
Término de materia o nombre geográfico como elemento de entrada LOBOS -
Subdivisión de forma CUENTOS Y LEYENDAS
9 (RLIN) 12307
650 #4 - ASIENTO SECUNDARIO DE MATERIA - TERMINO TEMATICO
Término de materia o nombre geográfico como elemento de entrada Literatura infantil
9 (RLIN) 4445
905 ## - TIPO DE MATERIAL
Tipo de material Infantil
Holdings
Estado de retiro Estado de pérdida Fuente del sistema de clasificación o colocación Estado dañado No para préstamo Código de colección Localización permanente Ubicación/localización actual Ubicación en estantería Total de préstamos Clasificación Código de barras Fecha visto por última vez Número de copia Tipo de ítem Koha Fecha de adquisición Fecha del último préstamo
    Library of Congress Classification     Infantil Bib. Gregorio Torres Quintero Bib. Gregorio Torres Quintero Sala infantil Planta baja 17 PZ76.3 CH5.3 249592 31/12/2020 1 Libro    
    Library of Congress Classification     Infantil Bib. Gregorio Torres Quintero Bib. Gregorio Torres Quintero Sala infantil Planta baja 37 PZ76.3 CH5.3 257036 20/03/2025 1 Libro 24/02/2023 06/03/2025